| 000 | 00680nam a22002297a 4500 | ||
|---|---|---|---|
| 005 | 20170124110144.0 | ||
| 010 | _a139144 | ||
| 020 | _c00.00 | ||
| 035 | _a139144 | ||
| 037 | _bCen Lib/Ret | ||
| 040 |
_aDPL _bEN |
||
| 082 |
_a635 _bKON |
||
| 100 |
_aKonynenburg, J.Van _932988 |
||
| 245 |
_aThe encyclopaedia of garden pests and diseases / _cby J.Van Konynenburg [and] W.N.Lawfield |
||
| 260 |
_bW.H.& L.Collingridge Limited _c1958 _aLondon |
||
| 270 | _a2-10, Tavistock Street | ||
| 300 |
_a214p. : _c21cm(Hb) _bill. |
||
| 650 |
_aGarden pests _932989 |
||
| 650 |
_aPesticides _932990 |
||
| 700 |
_aLawfield, W.N. _932991 |
||
| 942 |
_2ddc _cEN _h635 _mKON |
||
| 999 |
_c131849 _d131849 |
||